| 000 | 00513nam a2200181Ia 4500 | ||
|---|---|---|---|
| 008 | 230524s9999 xx 000 0 und d | ||
| 020 | _a9780070604483 | ||
| 082 |
_a658.45 _bCHA |
||
| 100 | _aRichard B.Chase | ||
| 245 | 0 | _aOperations Management (For Competitive Advantage) 11th ed. | |
| 250 | _aIST | ||
| 260 |
_aNEW DELHI _bMGH _c2008 |
||
| 300 | _aXXXV;737 | ||
| 500 | _aQuantity Number: 20 | ||
| 650 | _aManagement | ||
| 700 | _a"F Robert Jacobs, Nicholas J Aquilano , Nitin K Agarwal,," | ||
| 942 | _cBK | ||
| 999 |
_c41509 _d41509 |
||